000 00909nam a22002297a 4500
005 20101216154328.0
008 101216t xxu||||| |||| 00| 0 mar d
010 _aMAR-20430
020 _c75.00
035 _aMR-13088
037 _bDBAD / PUB
040 _aDPL
_bMR
082 _a891.461
100 _aनगराळे,देवराव
_924904
245 _aधर्मयान /
_cदेवराव नगराळे
246 _aDharmyan
_bby Devrao Nagrare
260 _aचंद्रपुर
_bलेणी प्रकाशन
_c2010
270 _bचंद्रपुर
_e44242
300 _a95पृ.
_c21सेमी(अजिल्द)
942 _2ddc
_cMR
_h891.461
_mनगरा
999 _c49240
_d49240